000 00835cab a2200193 4500
001 ##L133392
008 060505n2006 000 0 eng u
035 _a(Sirsi) u133392
041 0 _aeng
100 1 _aNorris, Daniel
245 0 0 _aRevealing dealing?
260 _c2006
490 0 _aSolicitors' Journal
_v150(15) 21 April 2006, 495-496(2)
520 _aOutlines the main provisions of the Freedom of Information Act 2000, and considers its advantages and disadvantages for the property sector. Looks at the measures that can be taken by businesses to limit their liability to disclosure when dealing with public and local authorities.
590 _aIKA090506
650 2 4 _aFREEDOM OF INFORMATION ACT 2000
690 _aMANAGEMENT-BUSINESS MANAGEMENT-INFORMATION MANAGEMENT-BUSINESS COMMUNICATION MANAGEMENT
942 _n0
999 _c76976
_d76976